| 000 | 01217pam a2200385 i 4500 | ||
|---|---|---|---|
| 005 | 20260322212034.0 | ||
| 008 | data | ||
| 010 | _a 79009462 | ||
| 020 | _a0394842723 | ||
| 020 | _a0394942728 (lib. bdg.) | ||
| 020 | _a0394850424 (pbk.) | ||
| 020 | _z0394842728 (lib. bdg.) | ||
| 020 | _a9780394842721 | ||
| 020 | _a9780394850429 (pbk.) | ||
| 020 | _a9780394942728 (lib. bdg.) | ||
| 040 |
_aDLC _cDLC _dDLC |
||
| 042 | _alcac | ||
| 050 | 0 | 0 |
_aTL547 _b.Z68 1981 |
| 082 | 0 | 0 | _a629.13/009 |
| 092 | _a629.13 Z68 1981 | ||
| 100 | 1 | _aZisfein, Melvin B. | |
| 245 | 1 | 0 |
_aFlight : _ba panorama of aviation / _cMelvin B. Zisfein & Robert Andrew Parker. |
| 250 | _a1st ed. | ||
| 260 |
_a[New York] : _bPantheon Books, _cc1981. |
||
| 300 |
_avii, 119 p. : _bcol. ill. ; _c31 cm. |
||
| 500 | _aIncludes index. | ||
| 504 | _aBibliography: p. 114. | ||
| 520 | _aAn illustrated history of flight from early theories to the present time. | ||
| 650 | 0 |
_aAeronautics _xJuvenile literature. _xJuvenile literature. |
|
| 650 | 1 |
_aAeronautics _xHistory. |
|
| 700 | 1 | _aParker, Robert Andrew. | |
| 906 |
_a7 _bcbc _corignew _d1 _eocip _f19 _gy-gencatlg |
||
| 991 |
_bc-GenColl _hTL547 _i.Z68 1981 _tCopy 1 _wBOOKS |
||
| 001 | data | ||
| 999 |
_c786 _d786 |
||